Normal view
MARC view
- Rubab, Naila
Entry Personal Name
001 - CONTROL NUMBER
- control field: 96811
003 - CONTROL NUMBER IDENTIFIER
- control field: NUST
005 - DATE AND TIME OF LATEST TRANSACTION
- control field: 20220811101604.0
008 - FIXED-LENGTH DATA ELEMENTS
- fixed length control field: 220811|| aca||aabn | a|a d
040 ## - CATALOGING SOURCE
- Original cataloging agency: NUST
- Transcribing agency: NUST
100 ## - HEADING--PERSONAL NAME
- Personal name: Rubab, Naila
670 ## - SOURCE DATA FOUND
- Source citation: Work cat.: (NUST): Rubab, Naila , Performance Characterization of MIMO Antennas in Non-Uniform Scattering Environment /
